| 000 | 00407nam a2200133Ia 4500 | ||
|---|---|---|---|
| 008 | 171207s9999 xx 000 0 und d | ||
| 100 | _aKhalil, Joe F. | ||
| 245 | _aLebanon’s waste crisis: An exercise of participation rights | ||
| 245 | _cJoe F Khalil | ||
| 260 | _c2017 | ||
| 300 | _apages 701-12, May 2017 | ||
| 440 |
_aNew Media & Society _v19:5 |
||
| 650 | _aLEBANON, ALTERNATIVE MEDIA, ENVIRONMENT | ||
| 999 |
_c347579 _d347579 |
||